00442pab a2200145 454500008004000000100001700040245012600057260000900183300001500192362000800207650001800215700001400233700001900247773003000266180718b2014 xxu||||| |||| 00| 0 eng d aHudson, John aReview article productive welfare, the East Asian 'model' and beyond: Placing welfare types in Greater China into context c2014 ap.301-315. aApr aSocial policy aYang, Nan aKuhner, Stefan aSocial Policy and Society